<?xml version="1.0" encoding="UTF-8"?>
<record
    xmlns:xsi="http://www.w3.org/2001/XMLSchema-instance"
    xsi:schemaLocation="http://www.loc.gov/MARC21/slim http://www.loc.gov/standards/marcxml/schema/MARC21slim.xsd"
    xmlns="http://www.loc.gov/MARC21/slim">

  <leader>00875nam a2200205   4500</leader>
  <datafield tag="952" ind1=" " ind2=" ">
    <subfield code="0">0</subfield>
    <subfield code="1">0</subfield>
    <subfield code="4">0</subfield>
    <subfield code="7">0</subfield>
    <subfield code="a">03</subfield>
    <subfield code="b">03</subfield>
    <subfield code="d">2015-07-29</subfield>
    <subfield code="l">0</subfield>
    <subfield code="o">LB2805 F54 1965</subfield>
    <subfield code="p">03 008178</subfield>
    <subfield code="r">2015-07-29</subfield>
    <subfield code="t">1</subfield>
    <subfield code="w">2015-07-29</subfield>
    <subfield code="y">LB</subfield>
  </datafield>
  <datafield tag="999" ind1=" " ind2=" ">
    <subfield code="c">97497</subfield>
    <subfield code="d">97497</subfield>
  </datafield>
  <controlfield tag="008">150729s1965    ag ||||| |||| 00| 0 spa d</controlfield>
  <datafield tag="050" ind1=" " ind2=" ">
    <subfield code="a">LB2805 </subfield>
    <subfield code="b">F54 1965</subfield>
  </datafield>
  <datafield tag="100" ind1=" " ind2=" ">
    <subfield code="a">Lourenco, Filho M.B  </subfield>
    <subfield code="d">, 1987</subfield>
    <subfield code="e">autor</subfield>
    <subfield code="q">(Manoel Bergstr&#xF6;m)</subfield>
  </datafield>
  <datafield tag="240" ind1=" " ind2=" ">
    <subfield code="a">Organizacao e Administracao Escolar</subfield>
    <subfield code="l">espa&#xF1;ol</subfield>
  </datafield>
  <datafield tag="245" ind1=" " ind2=" ">
    <subfield code="a">Organizaci&#xF3;n y administraci&#xF3;n escolar</subfield>
    <subfield code="c"> / Lourenco Filho ; traducci&#xF3;n Maria Celia Eguibar</subfield>
  </datafield>
  <datafield tag="260" ind1=" " ind2=" ">
    <subfield code="a">Argentina</subfield>
    <subfield code="b"> : Kapelusz</subfield>
    <subfield code="c">, 1965</subfield>
  </datafield>
  <datafield tag="300" ind1=" " ind2=" ">
    <subfield code="a">xii, 242 p&#xE1;ginas</subfield>
  </datafield>
  <datafield tag="490" ind1=" " ind2=" ">
    <subfield code="a">Biblioteca de cultura pedag&#xF3;gica</subfield>
    <subfield code="v">; 92</subfield>
  </datafield>
  <datafield tag="505" ind1=" " ind2=" ">
    <subfield code="a">Principios de organizaci&#xF3;n y administraci&#xF3;n escolar
Aspectos de la organizaci&#xF3;n y administraci&#xF3;n escolar en Am&#xE9;rica Latina
 </subfield>
  </datafield>
  <datafield tag="519" ind1=" " ind2=" ">
    <subfield code="a">Material Complementario /</subfield>
    <subfield code="d">(03 008178)</subfield>
  </datafield>
  <datafield tag="650" ind1=" " ind2="0">
    <subfield code="a">ENSE&#xD1;ANZA</subfield>
  </datafield>
  <datafield tag="650" ind1=" " ind2="0">
    <subfield code="a">ESCUELA</subfield>
    <subfield code="x">DIRECCION Y ORGANIZACI&#xD3;N</subfield>
  </datafield>
  <datafield tag="700" ind1=" " ind2=" ">
    <subfield code="a">Eguibar, Maria Celia</subfield>
    <subfield code="e">traductor</subfield>
  </datafield>
  <datafield tag="942" ind1=" " ind2=" ">
    <subfield code="c">LB</subfield>
    <subfield code="2">lcc</subfield>
  </datafield>
</record>
